000 00300nam a22001337a 4500
008 170529b xxu||||| |||| 00| 0 eng d
020 _a0804711771
041 _aeng
080 _a94(7/8)
100 _a16
101 _aSHH
245 _aTHE FUTURE OF CENTRAL AMERICA
_cFAGEN, R.R
942 _2udc
_cBK
999 _c14943
_d14943